| 000 | 00493nam a22001937a 4500 | ||
|---|---|---|---|
| 003 | CEME | ||
| 005 | 20210628202833.0 | ||
| 008 | 210203b xxu||||| |||| 00| 0 eng d | ||
| 020 | _a81-297-0053-0 | ||
| 040 | _c. | ||
| 082 | _a621.38456 BRA | ||
| 100 |
_aBray, Jennifer Sturman, Charles F _961881 |
||
| 245 | _aBluetooth, connect without cables | ||
| 250 | _a2ND | ||
| 260 |
_aINDIA _bPEARSON EDUCATION _c2002 |
||
| 300 | _aXXVIII,593P | ||
| 650 |
_aBLUETOOTH _960740 |
||
| 942 |
_cBK _2ddc |
||
| 999 |
_c571177 _d571177 |
||